Kinh nghiệm dạy toán và học toán Bậc Trung học cơ sở

保存先:
書誌詳細
第一著者: Vũ, Hữu Bình
フォーマット: 図書
言語:Undetermined
出版事項: H. Giáo dục 1998
主題:
オンライン・アクセス:http://lrc.tdmu.edu.vn/opac/search/detail.asp?aID=2&ID=6372
タグ: タグ追加
タグなし, このレコードへの初めてのタグを付けませんか!
Thư viện lưu trữ: Trung tâm Học liệu Trường Đại học Thủ Dầu Một
LEADER 00649nam a2200205Ia 4500
001 TDMU_6372
008 210410s9999 xx 000 0 und d
082 |a 510.71 
090 |b V500 
100 |a Vũ, Hữu Bình 
245 0 |a Kinh nghiệm dạy toán và học toán 
245 0 |b Bậc Trung học cơ sở 
245 0 |c Vũ Hữu Bình 
260 |a H. 
260 |b Giáo dục 
260 |c 1998 
300 |a 132tr. 
650 |a Toán học; Phương pháp dạy toán 
856 |u http://lrc.tdmu.edu.vn/opac/search/detail.asp?aID=2&ID=6372 
980 |a Trung tâm Học liệu Trường Đại học Thủ Dầu Một